| 000 | 00651nam a22001817a 4500 | ||
|---|---|---|---|
| 008 | 170427b xxu||||| |||| 00| 0 eng d | ||
| 020 | _a9715500773 | ||
| 082 |
_21992 _aDFil 959.906 _bAl8 |
||
| 100 |
_920505 _aAlvarez, Santiago V. |
||
| 245 |
_aThe Katipunan and the revolution: _bmemoirs of a general with the original Tagalog text/ _cSantiago V. Alvarez. |
||
| 260 |
_aQuezon City: _bADMU Press, _cc1992. |
||
| 300 |
_ax, 476 pages; _c22 cm. |
||
| 500 | _aIncludes index. | ||
| 650 | 0 |
_920508 _aPhilippines - History - Insurrection, 1896-1898. |
|
| 700 |
_920510 _aMalay, Paula Carolina S. _eTranslator |
||
| 365 |
_b407.00 _cPhp. |
||
| 942 |
_2ddc _cDFIL |
||
| 999 |
_c6768 _d6768 |
||